El origen político-fiscal de la inflación (Registro nro. 23210)
[ vista simple ]
| 000 -LEADER | |
|---|---|
| fixed length control field | 00376 a2200121 4500 |
| 001 - CONTROL NUMBER | |
| control field | ART_10701 |
| 005 - DATE AND TIME OF LATEST TRANSACTION | |
| control field | 20260410161831.0 |
| 008 - FIXED-LENGTH DATA ELEMENTS--GENERAL INFORMATION | |
| fixed length control field | 260409a |
| 100 1# - MAIN ENTRY--PERSONAL NAME | |
| Personal name | Giacomini, Diego P. |
| 245 10 - TITLE STATEMENT | |
| Title | El origen político-fiscal de la inflación |
| 700 1# - ADDED ENTRY--PERSONAL NAME | |
| Personal name | Milei, Javier Gerardo |
| 773 0# - HOST ITEM ENTRY | |
| Title | Actualidad Económica |
| Related parts | - Año XV, Nº 57 (jul./dic. 2005) |
| Record control number | REV5083 |
No hay ítems disponibles.